Bairros de Vitória/ES - Statistics

Estatísticas Gerais
  • Esse quiz foi jogado 174 vezes
  • A pontuação média é 37 de 80
Estatísticas das Respostas
Região Bairro % Correto
Jardim Camburi Jardim Camburi
92%
Goiabeiras Goiabeiras
87%
Jardim da Penha Jardim da Penha
87%
São Pedro São Pedro
87%
Praia do Canto Praia do Canto
84%
Maruípe Maruípe
83%
Santo Antônio Santo Antônio
83%
Centro Centro
80%
Jucutuquara Jucutuquara
80%
Jardim da Penha Mata da Praia
76%
Praia do Canto Enseada do Suá
71%
Jardim da Penha Bairro República
66%
Praia do Canto Ilha do Boi
66%
Praia do Canto Santa Lúcia
66%
Jucutuquara Bento Ferreira
65%
Praia do Canto Ilha do Frade
64%
Centro Ilha do Príncipe
60%
Goiabeiras Maria Ortiz
58%
Praia do Canto Praia do Suá
58%
Centro Vila Rubim
57%
Maruípe Bairro da Penha
56%
Praia do Canto Barro Vermelho
56%
Centro Parque Moscoso
53%
Maruípe Tabuazeiro
52%
Maruípe Itararé
49%
Goiabeiras Jabour
49%
Praia do Canto Santa Helena
49%
Jucutuquara Fradinhos
48%
Maruípe Bonfim
47%
Santo Antônio do Quadro
47%
Jucutuquara Ilha de Santa Maria
47%
São Pedro Ilha das Caieiras
46%
Goiabeiras Aeroporto
44%
Maruípe Andorinhas
44%
Santo Antônio Caratoíra
44%
Jucutuquara Horto
44%
Santo Antônio Mário Cypreste
44%
Jardim da Penha Pontal de Camburi
44%
Jucutuquara Consolação
43%
Jardim da Penha Morada de Camburi
43%
São Pedro Resistência
43%
Jucutuquara Romão
43%
Jucutuquara Jesus de Nazareth
42%
Maruípe Joana D'Arc
42%
Jucutuquara Forte São João
39%
Santo Antônio Grande Vitória
39%
São Pedro Santo André
39%
Jucutuquara Gurigica
38%
Maruípe Santa Cecília
38%
Maruípe Santa Marta
38%
Centro Piedade
37%
Praia do Canto Santa Luiza
37%
Goiabeiras Segurança do Lar
37%
Goiabeiras Solon Borges
37%
São Pedro Nova Palestina
36%
Santo Antônio Universitário
36%
Santo Antônio Estrelinha
34%
Centro Santa Clara
34%
Maruípe São Cristóvão
34%
Jucutuquara Bairro de Lourdes
33%
Goiabeiras Antônio Honório
31%
Santo Antônio Bela Vista
31%
Santo Antônio Santa Tereza
31%
Jardim da Penha Boa Vista
30%
Centro Fonte Grande
30%
Santo Antônio Inhanguetá
30%
Maruípe São Benedito
30%
Centro do Moscoso
29%
São Pedro Comdusa
28%
Jucutuquara Monte Belo
28%
Jucutuquara Cruzamento
27%
Jucutuquara Nazareth
25%
São Pedro Conquista
24%
Maruípe Santos Dumont
24%
Santo Antônio do Cabral
22%
São Pedro São José
22%
Santo Antônio Ariovaldo Favalessa
21%
São Pedro Santos Reis
21%
Jardim Camburi Parque Industrial
20%
São Pedro Redenção
18%
Nenhum quiz correspondente encontrado
Distribuição das Pontuações
Porcentagem de Pessoas com Cada Pontuação
Percentil de Números Respondidos
Sua Pontuação Histórica
Você não jogou esse quiz